Music Quiz

Random Music or Album Quiz
Score 0/16 Timer 05:00
0 Plays Today
Year Album % Correct
2001Gold
96.6%
2000Heartbreaker
95.2%
2005Cold Roses
90.4%
2007Easy Tiger
87.8%
200529
85%
2003lloR N kcoR
84.8%
2004Love is Hell
84.6%
2005Jacksonville City Nights
84.2%
Year Album % Correct
2002Demolition
83.2%
2008Cardinology
77.6%
2001Pneumonia
65.7%
1997Strangers Almanac
64.9%
1995Faithless Street
53.9%
2011Ashes & Fire
48.1%
2010III/IV
45.5%
2010Orion
36.9%
Remove Ads.
Support Sporcle.
Get the best of Sporcle when you Go Orange. This ad-free experience offers more features, more stats, and more fun while also helping to support Sporcle. Thank you for becoming a member.

You're not logged in!

Compare scores with friends on all Sporcle quizzes.
OR
Log In

Show Comments

Extras

Top Quizzes Today


Score Distribution

Your Account Isn't Verified!

In order to create a playlist on Sporcle, you need to verify the email address you used during registration. Go to your Sporcle Settings to finish the process.

Report this User

Report this user for behavior that violates our Community Guidelines.

Details: